Un Cours d'Espansion Commerciale en Espagne = Ein Wirtschaftskurs in Spanien
Materias:
Espanya -- Comerç -- Congressos
MARC
| LEADER | 00000nam a2200000Ia 4500 | ||
|---|---|---|---|
| 001 | 19391 | ||
| 008 | 160829s1914 xx 000 0 cat d | ||
| 080 | |a 3402, exp. 2 | ||
| 100 | |a Curso Internacional de Expansión Comercial (8è : 1914 : Barcelona) |9 48391 | ||
| 245 | |a Un Cours d'Espansion Commerciale en Espagne = Ein Wirtschaftskurs in Spanien | ||
| 260 | |a Barcelona : |b [s.n.], |c 1914 | ||
| 590 | |a Text en francès i alemany. | ||
| 590 | |a Comité executiu: Casa Lonja de Mar, Cámara de Comercio y Navegación, Barcelona | ||
| 650 | |a Espanya |x Comerç |x Congressos |9 48392 | ||
| 710 | 2 | |a Cambra Oficial de Comerç, Indústria i Navegació de Barcelona |9 55031 | |
| 901 | |a Arxiu | ||
| 942 | |n 1 | ||
| 952 | |0 0 |1 0 |4 0 |6 3402_EXP_2 |7 1 |9 54520 |a Arxiu |b Arxiu |d 2016-12-01 |l 0 |o 3402, exp. 2 |p 19391 |r 2016-12-01 00:00:00 |w 2016-12-01 |y ARXIU | ||
| 999 | |c 58389 |d 58389 | ||